Представление документа в формате RUSMARC

ПолеНазваниеЗначение
  Тип записи a
  Библиографический уровень m
001 Контрольный номер RU/SLIB/B/208724328
005 Дата корректировки 20201206203958.4
010 Индекс ISBN __
a ISBN 5-85233-003-9
d Цена 9 200-00
101 Язык документа __
a Язык текста rus
c Язык оригинала rus
200 Заглавие и сведения об ответственности 1_
a Заглавие Нерон или актер на троне
e Сведения, относящиеся к заглавию исследования
f Первые сведения об ответственности Дуров В. С.
b Общее обозначение материала Текст
210 Выходные данные __
a Место издания СПб.
c Издательство Алетейя
d Дата издания 1994
215 Физическое описание __
a Объем 318 с.
225 Серия __
a Серия Античная библиотека
600 Персоналии __
a Персоналии (Фамилия) Нерон
606 Тематические рубрики __
a Основная рубрика История
y Географическая подрубрика Рим; Древний Рим
606 Тематические рубрики __
a Основная рубрика Древний мир
610 Ключевые слова __
a Ключевые слова персоналии; исторические деятели; древнеримская культура; древнеримская история; императоры; империи; биографические данные; биографические материалы; биографические сведения; биографическая литература; историческая литература
686 Индексы других классификаций __
a Классификационный индекс 63.3(0)32-8; ст63.3(0)32-8
700 Автор _1
a Фамилия Дуров
b Имя В. С.
4 Код отношения 070
801 Источник записи _0
a Страна RU
b Организация Муниципальное бюджетное учреждение культуры "Централизованная библиотечная система" г. Сургут (Центральная городская библиотека им. А. С. Пушкина)
g Правила каталогизации КиК/Лебедева
801 Источник записи _1
a Страна RU
b Организация Муниципальное бюджетное учреждение культуры "Централизованная библиотечная система" г. Сургут (Центральная городская библиотека им. А. С. Пушкина)
g Правила каталогизации КиК/Лебедева
852 Данные о местонахождении __
j Шифр хранения 63.3(0)32-8
c Каталожный индекс 63.3(0)32-8
i Авторский знак Д 84
p Инвентарный номер 54864
901 Тип документа __
t Тип документа m
990 Данные о заказе (DOS) __
j Количество экземпляров (DOS) 5
t N записи в КСУ для И/У (DOS) 199601